NBA Current Players in the Top 50 All-Time Stats - Statistics

General Stats
  • This quiz has been taken 2,456 times
    2,407 since last reset
  • The average score is 10 of 22
Answer Stats
Answer % Correct
LeBron James
100%
Stephen Curry
94%
Kevin Durant
93%
Chris Paul
89%
James Harden
88%
Russell Westbrook
83%
Carmelo Anthony
67%
Dwight Howard
64%
Anthony Davis
55%
Rudy Gobert
45%
DeAndre Jordan
40%
Andre Drummond
37%
Kyle Lowry
33%
Rajon Rondo
29%
Brook Lopez
28%
LaMarcus Aldridge
22%
John Wall
20%
Serge Ibaka
16%
Thaddeus Young
14%
Andre Iguodala
13%
Joe Johnson
10%
Trevor Ariza
4%
No matching quizzes found
Score Distribution
Percent of People with Each Score
Percentile by Number Answered
Your Score History
You have not taken this quiz since the last reset